Keep Driving - Harry Styles (All Lyrics) - Statistics

General Stats
  • This quiz has been taken 2,454 times
  • The average score is 115 of 147
Answer Stats
Keep Driving % Correct
Chorus A
98%
a
98%
driving?
97%
just
97%
Just
97%
keep
97%
We
97%
we
97%
I
96%
Should
95%
with
92%
and
91%
you
90%
her
89%
the
89%
side
84%
sea
83%
boob
82%
in
82%
view
82%
Choke
81%
Cocaine
81%
ask
77%
Yellow
77%
love
76%
will
76%
always
75%
engine
75%
would
75%
for
74%
sounds
74%
sunglasses
74%
two
74%
Verse 1 Black
73%
camera
73%
concern
73%
darkness
73%
small
73%
white
73%
egg
72%
held
72%
Pancakes
72%
clouds
71%
don't
71%
pass
71%
America
70%
bathroom
70%
coffee
70%
film
70%
Tea
70%
act
69%
all
69%
It's
69%
Kiss
69%
normal
69%
how
68%
viral
67%
going
66%
good
66%
Hey
66%
yolk
66%
Life
65%
foot
64%
jump
64%
Monday
64%
off
64%
roof
64%
brown
63%
glass
63%
hacks
62%
Hash
62%
pool
62%
Riot
62%
swimming
62%
Wine
62%
edibles
61%
Science
61%
bad
60%
Verse 2 Maple
60%
puff
60%
cyborgs
59%
Bridge Passports
59%
syrup
59%
wells
58%
Hot
57%
tells
55%
Toothache
54%
wax
54%
withheld
54%
Ash
52%
move
51%
pot
51%
tray
51%
Moka
36%
No matching quizzes found
Score Distribution
Percent of People with Each Score
Percentile by Number Answered
Your Score History
You have not taken this quiz